Майли Сайръс - Мечти по ноти (Запис номер 91479)
[ съкратено ]
| 000 -Лидер | |
|---|---|
| Контролно поле с фиксирана дължина | 02079nam a2200457 c 4500 |
| 003 - Код на организацията, давaща контролен номер | |
| Контролно поле | BLK |
| 005 - Дата и час на последна редакция | |
| Контролно поле | 20250625171329.0 |
| 008 - Елементи от данни с фиксирана дължина | |
| fixed length control field | 180408b bul|||||r ||||||| ||bul|| |
| 010 ## - Наследен системен номер | |
| LC control number | KNG00096236000 |
| 020 ## - Международен стандартен номер на книга ISBN | |
| Международен стандартен номер на книга ISBN | 978-954-27-0415-7 |
| -- | издат.: Егмонт България |
| 040 ## - Източник на каталожния запис | |
| Идентификатор на билиотеката - собственик на записа | BLK |
| 041 ## - Код за език | |
| Код за езика на текст/звукозапис или на отделно заглавие | Български |
| Код за езика КДБФ | Български |
| 080 ## - УДК | |
| Текстов определител УДК | Американска литература (на САЩ) |
| УДК код - определител по УДК | 821.111(73) |
| УДК определител | -053.5-94 |
| УДК - код + определител | 821.111(73)-053.5-94 |
| 080 ## - УДК | |
| Текстов определител УДК | Други видове песни. Изпълнители |
| УДК код - определител по УДК | 784.7.071.2 |
| УДК определител | (73)(0:82-94) |
| УДК - код + определител | 784.7.071.2(73)(0:82-94) |
| 080 ## - УДК | |
| Текстов определител УДК | Дестини Хоуп Сайръс, американска певица и актриса |
| УДК код - определител по УДК | 929 Сайръс, Майли |
| УДК определител | |
| УДК - код + определител | 929 Сайръс, Майли |
| 100 1# - Редна дума - Автор | |
| Автор | Сайръс, Майли |
| Авторска отговорност | първи автор |
| Автор - информация (биография) | Сайръс, Дестини Хоуп |
| R(LIN) | 118490 |
| 139 ## - Редно поле | |
| Редна дума | Сайръс, Майли и др. |
| Авторски знак | Сав - С 13 |
| 245 10 - Сведения за заглавието | |
| Заглавие | Майли Сайръс - Мечти по ноти |
| Редно поле (дума) | Майли Сайръс; съавт. Хилари Лифтин; прев. Анна Стоева. |
| 257 ## - Страна на издаване | |
| Страна на създаване/издаване | Съединени американски щати |
| 260 ## - Област на издателските данни | |
| -- | София |
| Име на издателя, разпространителя и проч. | Егмонт България |
| Година на издаване | 2010 |
| Печатница | София : Лито Балкан |
| 300 ## - Физическа характеристика | |
| Страници | 282 с., 8 л. |
| Илюстрации и др. | цв. фотогр. |
| Размери/Мащаб | 23 см |
| 380 ## - Жанр | |
| Жанр | Детска худож. лит. |
| 500 ## - Общи забележки | |
| Забележка | Ориг. загл. Miles To Go / Miley Ray Cyrus. |
| 600 14 - Име на лице, използвано като предмет | |
| За него / За нея | Сайръс, Майли |
| 9 (RLIN) | 118490 |
| 650 #4 - Допълнително описание по предмет – тема | |
| Основно описание – тема или топоним | Сайръс, Майли |
| 9 (RLIN) | 118490 |
| 650 #4 - Допълнително описание по предмет – тема | |
| Основно описание – тема или топоним | Артисти, американски |
| 9 (RLIN) | 250937 |
| 650 #4 - Допълнително описание по предмет – тема | |
| Основно описание – тема или топоним | Певци |
| 9 (RLIN) | 165915 |
| 651 #4 - Допълнително описание по предмет - топоним | |
| Географско понятие | САЩ |
| 9 (RLIN) | 179493 |
| 653 ## - Ключова дума – ненормативна | |
| Ключова дума | Майли Сайръс |
| 653 ## - Ключова дума – ненормативна | |
| Ключова дума | американски актьори |
| 653 ## - Ключова дума – ненормативна | |
| Ключова дума | певци |
| 653 ## - Ключова дума – ненормативна | |
| Ключова дума | биографии |
| 700 1# - Други автори (авторска отговорност) | |
| Лично име | Лифтин, Хилари |
| Автороска отговорност (Описва отношението между автора и произведението) | съавт. |
| 9 (RLIN) | 89199 |
| 700 1# - Други автори (авторска отговорност) | |
| Лично име | Стоева, Анна |
| Автороска отговорност (Описва отношението между автора и произведението) | прев. |
| 9 (RLIN) | 274996 |
| 852 ## - Местоположение | |
| Форматна сигнатура | Цб 248178 |
| 856 4# - Електронен адрес и достъп | |
| Електронен формат | pdf - файл |
| Път до файла /url/ | |
| 856 4# - Електронен адрес и достъп | |
| Електронен формат | pdf - файл |
| Път до файла /url/ | |
| 942 ## - АРТИКУЛИ | |
| Вид на библиотечния материал | Книги |
| Скрит в OPAC | Не |
| Koha issues (borrowed), all copies | 19 |
| 944 ## - СЪЗДАВАНЕ И РЕДАКЦИЯ на ЗАПИСА | |
| Създаване/Редакция | Създаване |
| Дата на регистрацията/редакция | 20.05.2010 |
| Статус, дата на статуса | Христина Везирева |
| Служител, извършил регистрацията/редакцията | 30535 |
| 944 ## - СЪЗДАВАНЕ И РЕДАКЦИЯ на ЗАПИСА | |
| Създаване/Редакция | Редакция |
| Дата на регистрацията/редакция | 07.06.2017 |
| Статус, дата на статуса | ф / |
| Служител, извършил регистрацията/редакцията | Людмила_Стоянова |
| 999 ## - СИСТЕМНИ КОНТРОЛНИ НОМЕРА | |
| Koha biblionumber | 91479 |
| Koha biblioitemnumber | 91479 |
| Код за отписване | Код за изгубен артикул | Код за повреда | Коз за рестрикции | Код за отдаване | Артикулен № | Име на библиотеката - собственик | Име на библиотеката, в която се намира в момента | Статус (Текущо местоположение) | Дата на вписване в системата | Местоположение - отдел | Цена в лева | Инвентарен номер | Систематично азбучна сигнатура | Баркод | Номер на екземпляра | Цена в евро | Служебна бележка | Служебен тип на артикула | Източник на класификационната схема |
|---|---|---|---|---|---|---|---|---|---|---|---|---|---|---|---|---|---|---|---|
| Не е изгубен | Не е повреден | без рестрикции | заемане за дома | 147606 | Регионална библиотека "Любен Каравелов" Русе | Регионална библиотека "Любен Каравелов" Русе | Детски отдел | 2010-05-18 | Детски отдел | 9.90 | 120000744501 | ДХ 820/899/С 13 | 120000744501 | 1 | 5.06 | Дост: Pk Вид: Ф N: 27777 Дата: 18.05.2010 Дата инв: 10.08.2015 Бележки инв: Д2015 | Книги | ||
| Не е изгубен | Не е повреден | без рестрикции | ползва се в читалня | 147607 | Регионална библиотека "Любен Каравелов" Русе | Регионална библиотека "Любен Каравелов" Русе | Хранилище | 2011-01-11 | Хранилище | 9.90 | 120000748443 | Цб 248178 | 120000748443 | 2 | 5.06 | Дост: Dp Вид: Д N: 17 Дата: 21.04.2010 | Книги | ||
| Не е изгубен | Не е повреден | без рестрикции | заемане за дома | 147608 | Регионална библиотека "Любен Каравелов" Русе | Регионална библиотека "Любен Каравелов" Русе | Детски отдел | 2011-12-16 | Детски отдел | 9.90 | 120000755148 | 821-93/С 13 М | 120000755148 | 3 | 5.06 | Дост: Pk Вид: Ф N: 251 Дата: 15.12.2011 Дата инв: 21.08.2015 Бележки инв: Д2015 | Книги | Universal Decimal Classification | |
| Изтеглен | Не е изгубен | Не е повреден | без рестрикции | заемане за дома | 147609 | Регионална библиотека "Любен Каравелов" Русе | Регионална библиотека "Любен Каравелов" Русе | Детски отдел | 2011-12-16 | Детски отдел | 9.90 | 120000755149 | ДХ 820/899/С 13 | 120000755149 | 4 | 5.06 | Дост: Pk Вид: Ф N: 251 Дата: 15.12.2011 | Книги | Universal Decimal Classification |
| Не е изгубен | Не е повреден | без рестрикции | заемане за дома | 147610 | Регионална библиотека "Любен Каравелов" Русе | Регионална библиотека "Любен Каравелов" Русе | Заемна - подръчен фонд | 2014-02-07 | Заемна - подръчен фонд | 9.90 | 120000774287 | П 820(73)-9/С 13 | 120000774287 | 5 | 5.06 | Дост: DA Вид: А N: 3 Дата: 07.02.2014 Дата инв: 12.03.2018 Бележки инв: П2018 | Книги | ||
| Не е изгубен | Не е повреден | без рестрикции | заемане за дома | 147611 | Регионална библиотека "Любен Каравелов" Русе | Регионална библиотека "Любен Каравелов" Русе | Детски отдел | 2017-05-04 | Детски отдел | 9.90 | 120000810622 | ДХ 820/899/С 13 | 120000810622 | 6 | 5.06 | Дост: DA Вид: А N: 19 Дата: 04.05.2017 | Книги |